Music Quiz

Random Music or Artist Quiz

Rappers by other names Quiz Stats

 Plays Quiz not verified by Sporcle

Score 0/33 Timer 06:00
0 Plays Today
Nickname Artist % Correct
Slim ShadyEminem
93.2%
Makaveli2 Pac
84.1%
Jigga, HovJay-Z
81.8%
Birdman Jr.Lil Wayne
68.2%
King of CrunkLil Jon
63.6%
Drizzy/Boy WonderDrake
63.6%
The Bigg Boss DoggSnoop Dogg
63.6%
The DoctorDr. Dre
63.6%
The Boss/Teflon DonRick Ross
59.1%
God's Son/EscobarNas
52.3%
Joey CrackFat Joe
50%
Louis Vuitton DonKanye West
43.2%
BabyBirdman
40.9%
King of the SouthT.I.
38.6%
KellsR-Kelly
36.4%
3 stacks/3kAndre 3000
34.1%
SnowmanYoung Jeezy
34.1%
Nickname Artist % Correct
Daddy Fat Sacks/Sir Lucious Left FootBig Boi
31.8%
Frank WhiteNotorious B.I.G.
27.3%
Johnny Blaze/Ticallion StallionMethod Man
27.3%
Bobby DigitalRZA
27.3%
The GeniousGZA
27.3%
Iron Man/Tony StarksGhostface Killah
20.5%
Dark ManDMX
18.2%
Lou DiamondsRaekwon
15.9%
Golden Arms/Lucky HandsU-God
15.9%
Joe Bannannas/Dirt DogOl' Dirty Bastard
13.6%
Rebel INSInspectah Deck
13.6%
The Villan/The Villan in BlackMC Ren
13.6%
Young Sweet JonesPimp C
13.6%
The Alpha Omega/The R./God MCRakim
13.6%
Da DocRedman
11.4%
PT Cruzer/TalibanPastor Troy
9.1%

You're not logged in!

Compare scores with friends on all Sporcle quizzes.
OR
Log In

Show Comments

Extras

Created Nov 18, 2010ReportNominate
Tags:Artist Quiz, nickname, rapper

Top Quizzes Today


Score Distribution

Your Account Isn't Verified!

In order to create a playlist on Sporcle, you need to verify the email address you used during registration. Go to your Sporcle Settings to finish the process.

Report this User

Report this user for behavior that violates our Community Guidelines.

Details: